NLSUI OPAC header image

Transfer pricing : (Record no. 20317)

MARC details
000 -LEADER
fixed length control field 01771nam a2200229Ia 4500
005 - DATE AND TIME OF LATEST TRANSACTION
control field 20260526144525.0
008 - FIXED-LENGTH DATA ELEMENTS--GENERAL INFORMATION
fixed length control field 160316s2003 xxu||||| |||| 00| 0 eng d
020 ## - INTERNATIONAL STANDARD BOOK NUMBER
International Standard Book Number 818159018X (pbk.)
082 ## - DEWEY DECIMAL CLASSIFICATION NUMBER
Classification number 336.2 SEK-1
100 ## - MAIN ENTRY--PERSONAL NAME
Personal name Sekar, K. R.
245 ## - TITLE STATEMENT
Title Transfer pricing :
Remainder of title law and practice (including practical issues, international case laws and global matrix table on transfer pricing) /
Statement of responsibility, etc. K. R. Sekar
250 ## - EDITION STATEMENT
Edition statement 2nd
260 ## - PUBLICATION, DISTRIBUTION, ETC.
Place of publication, distribution, etc. Mumbai :
Name of publisher, distributor, etc. Snow WhitePublications ,
Date of publication, distribution, etc. 2003.
300 ## - PHYSICAL DESCRIPTION
Extent xl, 536 p. ;
Dimensions 23 cm.
365 ## - TRADE PRICE
Price amount RS.595
505 ## - Contents
Contents 1. Introduction ;<br/>2. Usa regulations an overview ;<br/>3. Transfer pricing regulations in australia an overview ;<br/>4. Transfer pricing uk legislation an overview ;<br/>5. Transfer pricing legislation china an overview ;<br/>6. Introduction of pata regulations ;<br/>7. Position prior to introduction of finance act 2001 ;<br/>8. Transfer pricing regulations section 92 an introduction ;<br/>9. Definition of associated enterprises ;<br/>10. International transaction ;<br/>11. Comparable uncontrolled price method cup ;<br/>12. Resale price method ;<br/>13. Cost plus methodology ;<br/>14. Profit split method an analysis ;<br/>15. Transaction net margin method ;<br/>16. Arms length principle principles ;<br/>17. Transfer pricing adjustments ;<br/>18. Compatibility between transfer pricing and customs valuation ;<br/>19. Transfer of intangibles ;<br/>20. Intra group services ;<br/>21. Documentation ;<br/>22. Issues unanswered indian transfer pricing ;<br/>23. Transfer pricing revenue audit international practice ;<br/>23. Relevant case laws indian and international ;<br/>25. Arms length price and income tax act 1961 .
650 ## - SUBJECT ADDED ENTRY--TOPICAL TERM
Topical term or geographic name entry element International Transfer Pricing
650 ## - SUBJECT ADDED ENTRY--TOPICAL TERM
Topical term or geographic name entry element Multinational Enterprises
650 ## - SUBJECT ADDED ENTRY--TOPICAL TERM
Topical term or geographic name entry element Taxation
700 ## - ADDED ENTRY--PERSONAL NAME
Personal name
--
942 ## - ADDED ENTRY ELEMENTS (KOHA)
Source of classification or shelving scheme Dewey Decimal Classification
Koha item type BOOKs
Holdings
Withdrawn status Lost status Damaged status Not for loan Home library Current library Shelving location Date acquired Cost, normal purchase price Total Checkouts Full call number Barcode Date last seen Price effective from Koha item type
        NLS NLS   30/05/2017 595.00   336.2 SEK-1 18456 30/05/2017 30/05/2017 BOOKs
        NLS NLS   30/05/2017 595.00   336.2 SEK-2 18457 30/05/2017 30/05/2017 BOOKs